[Event "Olimpiade 2014 - Open"]
[Site "Tromsø"]
[Date "06.08.2014"]
[Round "5.28"]
[Board "4"]
[White "Martinez Romero, Martin"]
[Black "Latorre, Matias"]
[Result "1-0"]
[WhiteTitle "IM"]
[BlackTitle "FM"]
[WhiteElo "2387"]
[BlackElo "2277"]
[WhiteTeam "Colombia"]
[BlackTeam "Paraguay"]
[WhiteFideId "4404025"]
[BlackFideId "3701107"]
[EventDate "2014.08.02"]

1. e4 e6 2. d4 d5 3. Nc3 Bb4 4. exd5 exd5 5. Bd3 Nc6 6. Ne2 Nge7 7. O-O Bf5 8.
Bxf5 Nxf5 9. Qd3 Qd7 10. Bf4 O-O-O 11. Nb5 Bd6 12. Nxd6+ Nxd6 13. Ng3 Qg4 14.
Bxd6 Rxd6 15. c3 Qg6 16. Qf3 Re8 17. h3 Nd8 18. Rae1 Rxe1 19. Rxe1 Re6 20. Rc1
Qg5 21. Rf1 Rf6 22. Qd3 Qg6 23. Qb5 Rd6 24. Qe2 Qe6 25. Qf3 g6 26. Qf4 h5 27.
Qd2 h4 28. Ne2 Qf5 29. Nf4 Qg5 30. Qe3 Rf6 31. Nd3 Qxe3 32. fxe3 Rxf1+ 33. Kxf1
Kd7 34. Ne5+ Ke7 35. Nf3 Ne6 36. Nxh4 Ng5 37. Nf3 Ne4 38. Ke2 Kf6 39. Nd2 Nd6
40. Kf3 Kf5 41. h4 Ke6 42. e4 c6 43. g4 f6 44. Kf4 Nf7 45. g5 fxg5+ 46. hxg5 Nd6
47. exd5+ Kxd5 48. Nf3 Nf5 49. b3 b5 50. Ne5 Ne7 51. Nd3 a5 52. Kf3 Ke6 53. Ke4
Nd5 54. Nf4+ Kd6 55. Nxd5 cxd5+ 56. Kd3 Ke6 57. c4 bxc4+ 58. bxc4 1-0

[Event "Olimpiade 2014 - Open"]
[Site "Tromsø"]
[Date "06.08.2014"]
[Round "5.29"]
[Board "1"]
[White "Bologan, Viktor"]
[Black "Khairallah, Faisal"]
[Result "1/2-1/2"]
[WhiteTitle "GM"]
[BlackTitle "FM"]
[WhiteElo "2654"]
[BlackElo "2307"]
[WhiteTeam "Moldova"]
[BlackTeam "Lebanon"]
[WhiteFideId "13900048"]
[BlackFideId "4628250"]
[EventDate "2014.08.02"]

1. e4 Nf6 2. e5 Nd5 3. d4 d6 4. c4 Nb6 5. f4 g6 6. Nc3 Bg7 7. Be3 Be6 8. Nf3 O-O
9. b3 c5 10. dxc5 N6d7 11. cxd6 exd6 12. Qxd6 Nxe5 13. Qxd8 Nxf3+ 14. gxf3 Rxd8
15. Rc1 Nc6 16. Be2 Nd4 17. Nb5 Nf5 18. Bxa7 Rxa7 19. Nxa7 Bf6 20. O-O Bd4+ 21.
Kh1 Bxa7 22. Rfd1 Rc8 23. Bd3 Be3 24. Rb1 Nd4 25. Be4 Nc6 26. f5 gxf5 27. Bd5
Rc7 28. b4 Nd4 29. Bxe6 fxe6 30. c5 Nxf3 31. Rd8+ Kf7 32. Rbd1 Ne5 33. Rh8 Kg7
34. Re8 Kf7 35. Rh8 Kf6 36. Rf8+ Nf7 37. a4 f4 38. a5 Ke5 39. b5 Bxc5 40. b6 Re7
41. Rc8 Bd6 42. Rb1 f3 43. a6 bxa6 44. b7 Kf4 45. Rc6 Bb8 46. Rc8 Bd6 47. Rc6
Bb8 48. Rc8 Bd6 1/2-1/2

[Event "Olimpiade 2014 - Open"]
[Site "Tromsø"]
[Date "06.08.2014"]
[Round "5.29"]
[Board "2"]
[White "El Jawich, Amro"]
[Black "Svetushkin, Dmitry"]
[Result "0-1"]
[WhiteTitle "FM"]
[BlackTitle "GM"]
[WhiteElo "2186"]
[BlackElo "2547"]
[WhiteTeam "Lebanon"]
[BlackTeam "Moldova"]
[WhiteFideId "5300380"]
[BlackFideId "13900463"]
[EventDate "2014.08.02"]

1. Nf3 d5 2. g3 c6 3. Bg2 Bf5 4. O-O e6 5. d3 Nf6 6. c4 dxc4 7. dxc4 Nbd7 8. Nc3
e5 9. b3 Be7 10. Bb2 Qc7 11. Rc1 h6 12. Nh4 Bh7 13. Bh3 Qa5 14. Nf5 Bxf5 15.
Bxf5 Rd8 16. Qc2 Ba3 17. Rfd1 O-O 18. Rd2 Nc5 19. Rcd1 Rxd2 20. Qxd2 Bxb2 21.
Qxb2 Qb6 22. Qd2 Re8 23. Rb1 a5 24. a3 Qc7 25. b4 Na6 26. Qe3 Qe7 27. c5 Nc7 28.
bxa5 Na6 29. Na4 e4 30. Rd1 Qc7 31. Nb6 Qe5 32. Bc8 Re7 33. Qf4 Qxf4 34. gxf4
Nxc5 35. Rd8+ Kh7 36. e3 g5 37. fxg5 hxg5 38. Bf5+ Kg7 39. Nc4 Re8 40. Rxe8 Nxe8
41. Bc8 Kf6 42. Bxb7 Nxb7 43. a6 Nc5 44. a7 Nc7 45. Nb6 Ke7 46. a8=Q Nxa8 47.
Nxa8 Na4 48. Nc7 Kd7 49. Na6 c5 50. Kg2 Kc6 51. Kg3 f5 52. h4 gxh4+ 53. Kxh4 Kb7
54. Nxc5+ Nxc5 55. f4 Ne6 56. Kh5 Nxf4+ 57. Kg5 Nd3 58. Kxf5 Nf2 59. Ke5 Kc6 0-1

[Event "Olimpiade 2014 - Open"]
[Site "Tromsø"]
[Date "06.08.2014"]
[Round "5.29"]
[Board "3"]
[White "Hamitevici, Vladimir"]
[Black "Chahrour, Ibrahim"]
[Result "1-0"]
[WhiteTitle "IM"]
[BlackTitle "FM"]
[WhiteElo "2467"]
[BlackElo "2170"]
[WhiteTeam "Moldova"]
[BlackTeam "Lebanon"]
[WhiteFideId "13902393"]
[BlackFideId "5301653"]
[EventDate "2014.08.02"]

1. e4 d6 2. d4 Nf6 3. Bd3 g6 4. Nf3 Bg7 5. O-O O-O 6. h3 c6 7. c3 Nbd7 8. a4 e5
9. Re1 Qc7 10. Na3 Re8 11. Bc2 b6 12. Bg5 h6 13. Bh4 Nh5 14. Nc4 Bf8 15. Nh2 Nf4
16. Ng4 Ba6 17. Bb3 h5 18. Nf6+ Nxf6 19. Bxf6 Bxc4 20. Bxc4 Be7 21. Bxe7 Rxe7
22. Bf1 Rae8 23. g3 Ne6 24. d5 cxd5 25. Qxd5 Rd8 26. a5 Kg7 27. h4 g5 28. hxg5
Nxg5 29. Re3 Qd7 30. axb6 axb6 31. f4 Nh3+ 32. Bxh3 Qxh3 33. Rf1 h4 34. Qd3 Re6
35. f5 Rh6 36. Rf2 Ra8 37. Rg2 Kh8 38. Kf2 Ra1 39. Qc4 Qh1 40. gxh4 Qxh4+ 41.
Reg3 Qf4+ 42. Rf3 Qh4+ 43. Ke3 Qe1+ 44. Qe2 Qh1 45. Rfg3 Ra8 46. Rg1 Qh4 47. Qg2
Qd8 48. Rh3 1-0

[Event "Olimpiade 2014 - Open"]
[Site "Tromsø"]
[Date "06.08.2014"]
[Round "5.29"]
[Board "4"]
[White "Bassel, Charaf"]
[Black "Sanduleac, Vasile"]
[Result "1/2-1/2"]
[BlackTitle "GM"]
[WhiteElo "2160"]
[BlackElo "2396"]
[WhiteTeam "Lebanon"]
[BlackTeam "Moldova"]
[WhiteFideId "5300657"]
[BlackFideId "13900161"]
[EventDate "2014.08.02"]

1. e3 g6 2. c4 Bg7 3. Nc3 d6 4. g3 c5 5. Bg2 Nc6 6. Nge2 e5 7. O-O Nge7 8. d3
O-O 9. Rb1 Bg4 10. a3 a5 11. h3 Be6 12. Nd5 Rb8 13. Nec3 h6 14. Bd2 Kh7 15. b4
axb4 16. axb4 cxb4 17. Nxb4 Nxb4 18. Rxb4 d5 19. cxd5 Nxd5 20. Nxd5 Bxd5 21. Bc3
Bxg2 22. Kxg2 Qd6 23. Qb3 Rfd8 24. d4 b5 25. Kg1 Qc7 26. Ba1 exd4 27. Bxd4 Bxd4
28. exd4 Qd7 29. Rb1 Kg8 30. Rxb5 Rxb5 31. Qxb5 Qxd4 32. Re1 Kg7 33. Qe5+ 1/2-1/2

[Event "Olimpiade 2014 - Open"]
[Site "Tromsø"]
[Date "06.08.2014"]
[Round "5.31"]
[Board "1"]
[White "Vasquez Schroeder, Rodrigo"]
[Black "Sadorra, Julio Catalino"]
[Result "0-1"]
[WhiteTitle "GM"]
[BlackTitle "GM"]
[WhiteElo "2533"]
[BlackElo "2590"]
[WhiteTeam "Chile"]
[BlackTeam "Philippines"]
[WhiteFideId "3400042"]
[BlackFideId "5201268"]
[EventDate "2014.08.02"]

1. Nf3 Nf6 2. g3 d5 3. Bg2 Bf5 4. O-O e6 5. d3 Be7 6. Nh4 Bg4 7. h3 Bh5 8. g4
Bg6 9. Nxg6 hxg6 10. e4 c6 11. Qe2 Qc7 12. e5 Nfd7 13. d4 c5 14. c3 Nc6 15. Be3
Qb6 16. Rd1 O-O-O 17. Na3 Kb8 18. Rab1 cxd4 19. cxd4 Qa5 20. Rd3 Rc8 21. Rb3 Nb6
22. Qd1 Rhd8 23. Bf1 Nc4 24. Bc1 Nb4 25. Ra1 Qa4 26. Nb1 Na5 27. Nc3 Qd7 28. Ra3
Nbc6 29. Ra4 a6 30. Be3 Nc4 31. Bxc4 dxc4 32. Rxc4 b5 33. Rxc6 Qxc6 34. a3 Rh8
35. d5 exd5 36. Qxd5 Rxh3 37. Rd1 Qxd5 38. Rxd5 Rc4 39. Kg2 Rh8 40. Rd7 Rc7 41.
Rd2 Rd8 42. Re2 Rc4 43. Kf3 Bxa3 44. Nxb5 axb5 45. bxa3 Kb7 46. Rb2 Rd5 47. e6
fxe6 48. Rb3 Ka6 49. Kg3 Ka5 50. Ba7 Ka6 51. Be3 e5 52. f3 Ka5 53. Ba7 e4 54.
fxe4 Rxe4 55. Kf3 Rc4 56. Bb8 Rcd4 0-1

[Event "Olimpiade 2014 - Open"]
[Site "Tromsø"]
[Date "06.08.2014"]
[Round "5.31"]
[Board "2"]
[White "Gomez, John Paul"]
[Black "Flores Rios, Mauricio"]
[Result "1/2-1/2"]
[WhiteTitle "GM"]
[BlackTitle "GM"]
[WhiteElo "2526"]
[BlackElo "2537"]
[WhiteTeam "Philippines"]
[BlackTeam "Chile"]
[WhiteFideId "5201381"]
[BlackFideId "3408027"]
[EventDate "2014.08.02"]

1. d4 Nf6 2. c4 g6 3. Nc3 d5 4. Nf3 Bg7 5. Qa4+ Bd7 6. Qb3 dxc4 7. Qxc4 O-O 8.
Bf4 c6 9. e4 b5 10. Qb3 Qa5 11. e5 Be6 12. Qd1 Ne4 13. Qc2 Nxc3 14. bxc3 Nd7 15.
Bd3 Bd5 16. Bd2 Qc7 17. a4 a6 18. Be4 Nb6 19. h4 Qb7 20. Bxd5 cxd5 21. h5 Qc6
22. hxg6 fxg6 23. Ng5 h6 24. Nf3 Nxa4 25. Ra3 Qe6 26. Bxh6 Qg4 27. c4 Bxh6 28.
Rxh6 Kg7 29. Nh2 Qe4+ 30. Qxe4 dxe4 31. Ng4 Nb2 32. Rah3 Kf7 33. cxb5 axb5 34.
d5 Nd3+ 35. Kd2 Nf4 36. e6+ Ke8 37. Rb3 Nxd5 38. Rxb5 Rd8 39. Kc2 Nf4 40. g3 Nd5 1/2-1/2

[Event "Olimpiade 2014 - Open"]
[Site "Tromsø"]
[Date "06.08.2014"]
[Round "5.31"]
[Board "3"]
[White "Henriquez Villagra, Cristobal"]
[Black "Torre, Eugenio"]
[Result "1/2-1/2"]
[WhiteTitle "IM"]
[BlackTitle "GM"]
[WhiteElo "2457"]
[BlackElo "2438"]
[WhiteTeam "Chile"]
[BlackTeam "Philippines"]
[WhiteFideId "3409350"]
[BlackFideId "5200016"]
[EventDate "2014.08.02"]

1. d4 Nf6 2. c4 c6 3. Nc3 d5 4. cxd5 cxd5 5. Bf4 Nc6 6. e3 e6 7. Bd3 Bd6 8. Bxd6
Qxd6 9. f4 Bd7 10. Nf3 Nb4 11. Bb1 Qa6 12. Ne5 O-O 13. a3 Nc6 14. Bd3 Qb6 15.
Qc2 Qd8 16. O-O Qe7 17. Rf3 Rfc8 18. g4 Be8 19. Rh3 g6 20. g5 Nd7 21. Qg2 f5 22.
gxf6 Nxf6 23. Rf1 Qg7 24. Rg3 Ne7 25. f5 exf5 26. Bxf5 Nxf5 27. Rxf5 Rc7 28. Rf1
Bc6 29. Nxg6 Nh5 30. Nf4 Nxg3 31. Qxg3 Qxg3+ 32. hxg3 Rf8 33. Rc1 Rd7 34. Kf2
Rd6 35. Rh1 Rf5 36. Rh2 Kg7 37. g4 Rg5 38. Rh4 Rh6 39. Kg3 Bd7 40. Rxh6 Kxh6 41.
Ncxd5 Rxg4+ 42. Kf3 Rg1 43. Nf6 Ba4 44. d5 Rb1 45. b4 Ra1 46. Ke4 Rxa3 47. d6 a5
48. bxa5 Bc6+ 49. Kd4 Rxa5 50. d7 Bxd7 51. Nxd7 Kg5 52. Ne6+ Kf5 53. Nec5 h5 54.
e4+ Kf4 55. e5 h4 56. e6 Ra8 57. e7 Re8 58. Nf6 Rxe7 59. Nd5+ Kf3 60. Nxe7 h3
61. Nd5 h2 62. Nxb7 h1=Q 63. Nc5 Qg1+ 64. Kc4 Qg8 65. Kd4 Qg4+ 66. Kd3 Qh4 67.
Nc3 Qf4 68. Nd5 Qe5 69. Kc4 Ke2 70. Nc3+ Kd2 71. Nd5 Qe2+ 72. Kd4 Qe8 73. Ne4+
Ke2 74. Nc5 Kf3 75. Kd3 Qb5+ 76. Kd4 Kg4 77. Ne3+ Kf4 78. Nd5+ Kf5 79. Ne3+ Kf6
80. Nd5+ Kf7 81. Nd3 Qa4+ 82. Ke3 Qa7+ 83. Ke4 Ke6 84. Ne3 Qh7+ 85. Kd4 Qh4+ 86.
Kc3 Qh8+ 87. Kc2 Kd6 88. Kd2 Kc6 89. Ke2 Qh5+ 90. Kf2 Kb5 91. Ke1 Ka4 92. Kf2
Kb3 93. Nf4 Qh2+ 94. Kf3 Qh1+ 95. Kg4 Qe4 96. Nf5 Qh1 97. Kg5 Kc4 98. Kg4 Qg1+
99. Kf3 Qg8 100. Ke4 Kc3 101. Ke5 Kd2 102. Ne6 Ke2 103. Nd6 Kf3 104. Nd4+ Kg4
105. Ne6 Qa8 106. Kf6 Qd5 107. Ke7 Qc6 108. Nf7 Qb7+ 109. Kf6 Qb2+ 110. Ke7 Kf5
111. Nd6+ Kg6 112. Nf4+ Kg7 113. Ne6+ 1/2-1/2

[Event "Olimpiade 2014 - Open"]
[Site "Tromsø"]
[Date "06.08.2014"]
[Round "5.31"]
[Board "4"]
[White "Bersamina, Paulo"]
[Black "Salinas Herrera, Pablo"]
[Result "1/2-1/2"]
[WhiteTitle "FM"]
[BlackTitle "FM"]
[WhiteElo "2363"]
[BlackElo "2398"]
[WhiteTeam "Philippines"]
[BlackTeam "Chile"]
[WhiteFideId "5206995"]
[BlackFideId "3407128"]
[EventDate "2014.08.02"]

1. e4 c5 2. Nf3 d6 3. d4 cxd4 4. Nxd4 Nf6 5. Nc3 a6 6. h3 e6 7. g4 h6 8. Bg2 g5
9. Be3 Nbd7 10. Qe2 Ne5 11. f4 gxf4 12. Bxf4 Nfd7 13. O-O-O Qc7 14. g5 Nb6 15.
h4 Ng6 16. Bg3 hxg5 17. e5 gxh4 18. exd6 Qc4 19. Qf3 hxg3 20. Rxh8 Nxh8 21. Qf6
Bd7 22. Bxb7 Rb8 23. Be4 Nc8 24. Rh1 Qb4 25. Rxh8 Qxd6 26. Rh7 Qe7 27. Qe5 Rb4
28. Nc6 Rxe4 29. Nxe4 Bxc6 30. Nf6+ Kd8 31. Rh8 Nb6 32. Qb8+ Nc8 33. Qe5 Nb6 34.
Qb8+ Nc8 35. Qe5 Bd5 36. Nxd5 exd5 37. Qxg3 Nd6 38. a3 Ke8 39. Kb1 Qf6 40. Qh3
Ke7 41. Qe3+ Ne4 42. Qa7+ Ke6 43. Qxa6+ Bd6 44. Qc8+ Ke5 45. Rh5+ Kd4 46. c3+
Ke3 47. Rxd5 Qf1+ 48. Ka2 Bf4 49. Rd4 Be5 50. Rd5 Nxc3+ 51. bxc3 Qg2+ 52. Kb3
Qxd5+ 53. c4 Qd3+ 54. Kb4 f5 55. a4 Qc3+ 56. Kb5 Qb3+ 57. Kc5 f4 58. a5 Qa3+ 59.
Kb5 Bc3 60. Qe6+ Kf2 61. Qb6+ Kf1 62. c5 f3 63. c6 Qb3+ 64. Ka6 Qc4+ 65. Qb5
Qxb5+ 66. Kxb5 Be5 67. a6 f2 68. a7 Kg1 69. a8=Q f1=Q+ 70. Kc5 Qf2+ 71. Kd5 Qd4+
72. Ke6 Qe4 73. Qg8+ Kf2 74. Qf7+ Bf4+ 75. Kd7 Qe5 76. Qa2+ Kg3 77. Qg8+ Kh4 78.
Qh7+ Kg3 79. Qg8+ Kh2 80. Qa2+ Kh1 81. Qb1+ Kg2 82. Qa2+ Kh3 83. Qe6+ 1/2-1/2

[Event "Olimpiade 2014 - Open"]
[Site "Tromsø"]
[Date "06.08.2014"]
[Round "5.33"]
[Board "1"]
[White "Al Qudaimi, Basheer"]
[Black "Gonzalez Acosta, Bernal"]
[Result "1/2-1/2"]
[WhiteTitle "IM"]
[BlackTitle "IM"]
[WhiteElo "2396"]
[BlackElo "2469"]
[WhiteTeam "Yemen"]
[BlackTeam "Costa Rica"]
[WhiteFideId "9400346"]
[BlackFideId "6500170"]
[EventDate "2014.08.02"]

1. d4 d5 2. Nf3 Nf6 3. g3 c6 4. Bg2 Bf5 5. O-O e6 6. c4 Nbd7 7. Qb3 Qb6 8. c5
Qa6 9. Re1 b6 10. cxb6 Qxb6 11. Qa4 Be7 12. Nc3 Ne4 13. Nh4 Bxh4 14. gxh4 O-O
15. f3 Nd6 16. e4 Bg6 17. Kh1 Nc4 18. Ne2 Nxb2 19. Bxb2 Qxb2 20. Qxc6 Nf6 21.
Qc3 Qxc3 22. Nxc3 Rfc8 23. Re3 Rc4 24. e5 Nh5 25. Ne2 Rb8 26. Bf1 Rb2 27. Rb3
Rcc2 28. Rc1 h6 29. Rxc2 Rxc2 30. Ra3 Rd2 31. Kg1 Bd3 32. Ng3 Bxf1 33. Nxh5 Bc4
34. Rxa7 Bxa2 35. Ra8+ Kh7 36. Rf8 Bb1 37. Ng3 Rxd4 38. Rxf7 Rd1+ 39. Kg2 d4 40.
Rd7 Bg6 41. Re7 Rd2+ 42. Kh3 h5 43. Rxe6 Rf2 44. Rd6 d3 45. Rd4 Rxf3 46. Kg2 Rf8
47. e6 Kh6 48. e7 Re8 49. Rd8 Kh7 50. Rxe8 Bxe8 51. Kf2 Kg6 52. Ke3 Kf6 53. Kxd3
Kxe7 54. Ke4 Kf6 55. Kf4 Bg6 56. Nf1 Bf5 57. Nd2 g6 58. Nc4 1/2-1/2

[Event "Olimpiade 2014 - Open"]
[Site "Tromsø"]
[Date "06.08.2014"]
[Round "5.33"]
[Board "2"]
[White "Valdes Romero, Leonardo"]
[Black "Al-Subaihi, Khalil"]
[Result "1-0"]
[WhiteTitle "IM"]
[WhiteElo "2406"]
[BlackElo "2082"]
[WhiteTeam "Costa Rica"]
[BlackTeam "Yemen"]
[WhiteFideId "6500331"]
[BlackFideId "9400133"]
[EventDate "2014.08.02"]

1. Nf3 d5 2. g3 c5 3. Bg2 Nc6 4. d4 Nf6 5. O-O Bf5 6. a3 e6 7. c4 Be7 8. dxc5
Bxc5 9. b4 Be7 10. Nbd2 O-O 11. Bb2 Rc8 12. Rc1 Ne4 13. cxd5 exd5 14. Nb3 Bf6
15. Nbd4 Nxd4 16. Nxd4 Bg6 17. Rxc8 Qxc8 18. Qa1 Qd7 19. Nf3 Rc8 20. Bxf6 Nxf6
21. Rc1 Rxc1+ 22. Qxc1 Be4 23. Qf4 Qe8 24. Qc7 d4 25. Nxd4 h6 26. Bxe4 Qxe4 27.
Qc8+ Ne8 28. e3 a6 29. Qc2 Qe5 30. Qf5 Qc7 31. Kg2 Nd6 32. Qd5 Nc4 33. a4 Nd6
34. h4 Ne8 35. Nf5 Nf6 36. Qf3 Kh7 37. Nd4 Qe7 38. b5 axb5 39. axb5 Ne4 40. h5
Ng5 41. Qd5 f6 42. Qf5+ Kh8 43. Qd5 Qc7 44. f4 Nh7 45. Ne6 Qe7 46. Qd8+ Qxd8 47.
Nxd8 b6 48. Kf3 f5 49. Nf7+ Kg8 50. Nd6 Nf6 51. Nxf5 Nxh5 52. Ne7+ Kf7 53. Nd5
Ke6 54. Nxb6 Kd6 55. e4 Kc5 56. Nd7+ Kxb5 57. g4 Nf6 58. Nxf6 gxf6 59. e5 1-0

[Event "Olimpiade 2014 - Open"]
[Site "Tromsø"]
[Date "06.08.2014"]
[Round "5.33"]
[Board "3"]
[White "Al-Hadarani, Hatim"]
[Black "Murillo Tsijli, Alexis"]
[Result "0-1"]
[WhiteTitle "FM"]
[BlackTitle "IM"]
[WhiteElo "2254"]
[BlackElo "2303"]
[WhiteTeam "Yemen"]
[BlackTeam "Costa Rica"]
[WhiteFideId "9400273"]
[BlackFideId "6500218"]
[EventDate "2014.08.02"]

1. d4 e6 2. Nf3 c5 3. e4 cxd4 4. Nxd4 Nf6 5. Nc3 Nc6 6. Nxc6 bxc6 7. Bd3 d5 8.
O-O Be7 9. e5 Nd7 10. Qg4 Nxe5 11. Qxg7 Bf6 12. Qg3 Nxd3 13. Qxd3 Rb8 14. Re1
Rb4 15. Nd1 Re4 16. Rxe4 dxe4 17. Qe2 Ba6 18. Qe1 Be5 19. Bd2 Qh4 20. g3 Qh3 21.
Bc3 Bxc3 22. Nxc3 f5 23. Qe3 O-O 24. Qxa7 Bc4 25. Qd4 Bd5 26. Nxd5 exd5 27. f4
h5 28. Re1 h4 29. Re3 Kh7 30. Ra3 Qg4 31. Kg2 Qe2+ 32. Kh3 Kh6 33. Qe3 Qf1+ 34.
Kxh4 Rg8 35. h3 Rg4+ 0-1

[Event "Olimpiade 2014 - Open"]
[Site "Tromsø"]
[Date "06.08.2014"]
[Round "5.33"]
[Board "4"]
[White "Duran Vega, Sergio"]
[Black "Al-Aqrabi, Saleh"]
[Result "0-1"]
[WhiteTitle "FM"]
[WhiteElo "2224"]
[BlackElo "2139"]
[WhiteTeam "Costa Rica"]
[BlackTeam "Yemen"]
[WhiteFideId "6501311"]
[BlackFideId "9400338"]
[EventDate "2014.08.02"]

1. e4 e6 2. d4 d5 3. Nd2 Nf6 4. e5 Nfd7 5. f4 c5 6. Ngf3 Nc6 7. Nb3 a6 8. Be3 c4
9. Nbd2 b5 10. Be2 Be7 11. O-O O-O 12. Qe1 f5 13. Kh1 g6 14. Rg1 h5 15. Bf2 Rf7
16. c3 Nf8 17. Bh4 Nh7 18. h3 Rg7 19. g4 hxg4 20. hxg4 Ra7 21. gxf5 Bxh4 22.
Nxh4 gxf5 23. Qf2 Qe8 24. Qh2 b4 25. Nhf3 a5 26. Qh6 Qf8 27. Nh4 bxc3 28. Ng6
Qb4 29. Rg3 Nxd4 30. bxc3 Nxe2 31. cxb4 Nxg3+ 32. Kg2 Ne4 33. Nxe4 fxe4 34. b5
Rxg6+ 35. Qxg6+ Rg7 36. Qxg7+ Kxg7 37. Kf2 d4 38. b6 c3 39. Rb1 e3+ 40. Kf3 Bb7+
41. Ke2 Ba6+ 42. Kf3 Nf8 43. b7 Nd7 44. Ke4 d3 45. Kxe3 Kg6 46. b8=Q Nxb8 47.
Rxb8 d2 48. Rg8+ Kf7 49. Rg1 Bc4 50. a3 Bb5 51. Rh1 Bc6 52. Rg1 Bf3 0-1

[Event "Olimpiade 2014 - Open"]
[Site "Tromsø"]
[Date "06.08.2014"]
[Round "5.34"]
[Board "1"]
[White "Ladva, Ottomar"]
[Black "Nadir, Samir"]
[Result "1-0"]
[WhiteTitle "FM"]
[BlackTitle "CM"]
[WhiteElo "2387"]
[BlackElo "2141"]
[WhiteTeam "Estonia"]
[BlackTeam "Sudan"]
[WhiteFideId "4500024"]
[BlackFideId "12200085"]
[EventDate "2014.08.02"]

1. d4 d5 2. c4 e6 3. Nf3 f5 4. Bf4 Nf6 5. e3 Bd6 6. Bd3 O-O 7. O-O dxc4 8. Bxc4
Nc6 9. Nc3 Kh8 10. Rc1 a6 11. a3 Ne7 12. Be5 Ng6 13. Re1 b5 14. Ba2 Ng4 15. Bxd6
Qxd6 16. e4 Bb7 17. h3 fxe4 18. Nxe4 Qf4 19. g3 Qxf3 20. Qxf3 Rxf3 21. hxg4 Bd5
22. Ng5 Rd3 23. Bxd5 exd5 24. Ne6 h6 25. Nxc7 Ra7 26. g5 hxg5 27. Re8+ Kh7 28.
Kg2 Nh8 29. Ne6 Nf7 30. Nf8+ Kg8 31. Rb8 Nd6 32. Nd7+ 1-0

[Event "Olimpiade 2014 - Open"]
[Site "Tromsø"]
[Date "06.08.2014"]
[Round "5.34"]
[Board "2"]
[White "Yaaqoub, Rashid"]
[Black "Seeman, Tarvo"]
[Result "0-1"]
[WhiteTitle "FM"]
[BlackTitle "IM"]
[WhiteElo "2164"]
[BlackElo "2392"]
[WhiteTeam "Sudan"]
[BlackTeam "Estonia"]
[WhiteFideId "12200336"]
[BlackFideId "4500547"]
[EventDate "2014.08.02"]

1. e4 c5 2. Nf3 g6 3. c3 d5 4. exd5 Qxd5 5. d4 Bg7 6. Na3 Nf6 7. Bc4 Qe4+ 8. Be3
O-O 9. dxc5 Ng4 10. Qc2 Qxc2 11. Nxc2 Nd7 12. O-O Nxe3 13. Nxe3 Nxc5 14. Rad1 e6
15. Ng4 b6 16. Nge5 Bb7 17. Rfe1 Rfd8 18. Nd4 Rac8 19. Bb5 Bxe5 20. Rxe5 f6 21.
Ree1 e5 22. Bc4+ Kf8 23. Ne6+ Nxe6 24. Bxe6 Rxd1 25. Rxd1 Rc7 26. Kf1 Ke7 27.
Bb3 Rd7 28. Rxd7+ Kxd7 29. g3 Bf3 30. Bc2 f5 31. Ke1 Ke6 32. Kd2 g5 33. a3 e4
34. c4 Ke5 35. Kc3 f4 36. b4 Be2 37. a4 Bh5 38. a5 bxa5 39. b5 Be2 40. Ba4 Bf1
41. gxf4+ gxf4 42. c5 e3 43. fxe3 fxe3 44. b6 axb6 45. cxb6 Kd6 46. h4 Ba6 47.
Kc2 Kc5 48. b7 Bxb7 49. Kd3 Kb4 50. Bd7 a4 51. Kxe3 a3 52. Be6 Kc3 0-1

[Event "Olimpiade 2014 - Open"]
[Site "Tromsø"]
[Date "06.08.2014"]
[Round "5.34"]
[Board "3"]
[White "Vovk, Ilja"]
[Black "Ahmed, Abuzied"]
[Result "1-0"]
[WhiteTitle "FM"]
[WhiteElo "2289"]
[BlackElo "2154"]
[WhiteTeam "Estonia"]
[BlackTeam "Sudan"]
[WhiteFideId "4501764"]
[BlackFideId "12200590"]
[EventDate "2014.08.02"]

1. c4 Nf6 2. g3 e6 3. Bg2 d5 4. Nf3 Be7 5. O-O O-O 6. b3 d4 7. Bb2 c5 8. e3 Nc6
9. exd4 cxd4 10. Re1 Qb6 11. d3 Rd8 12. Nbd2 a5 13. Ne5 Nxe5 14. Rxe5 Bd7 15.
Rb1 Bc6 16. Bxc6 bxc6 17. Qf3 a4 18. bxa4 Rxa4 19. Ba3 Qc7 20. Bxe7 Qxe7 21.
Qxc6 Rxa2 22. Ne4 Ng4 23. Reb5 Qe8 24. Qxe8+ Rxe8 25. Rg5 h5 26. Rb7 Rea8 27. h3
Ne3 28. Rgb5 Ra1+ 29. Kh2 R1a2 30. Rb2 Nd1 31. Rxa2 Rxa2 32. Kg1 f6 33. Rb1 Nb2
34. Nc5 Kf7 35. Nb3 Nxd3 36. Nxd4 e5 37. Rb7+ Kg6 38. Ne6 Kf5 39. Nxg7+ Ke4 40.
Nxh5 Kf3 41. Rb3 e4 42. Nxf6 Ra1+ 43. Kh2 Rf1 44. Ng4 Ke2 45. c5 Rc1 46. h4 Rxc5
47. Kg2 Ne1+ 48. Kh3 Nd3 49. Kg2 Ne1+ 50. Kh2 Nd3 51. Ra3 Kf3 52. Kh3 Rb5 53.
Ra2 Nb2 54. Ne5+ Kxf2 55. Nc4 e3 56. Rxb2+ e2 57. Ra2 Rb3 58. Kh2 Rc3 59. Ne5
Kf1 60. Ra1+ e1=Q 61. Rxe1+ Kxe1 62. Kg2 Ke2 63. h5 Ke3 64. h6 Rc7 65. Ng4+ Kd4
66. Kh3 Ke4 67. Nf6+ Kf3 68. h7 Rc8 69. Kh4 Rh8 70. g4 Kf4 71. g5 Kf5 72. Kh5
Ke5 73. Kg6 Kf4 74. Kg7 1-0

[Event "Olimpiade 2014 - Open"]
[Site "Tromsø"]
[Date "06.08.2014"]
[Round "5.34"]
[Board "4"]
[White "Ahmed Holi Ali, Moawia"]
[Black "Krupenski, Juri"]
[Result "0-1"]
[WhiteTitle "CM"]
[BlackTitle "FM"]
[WhiteElo "2067"]
[BlackElo "2277"]
[WhiteTeam "Sudan"]
[BlackTeam "Estonia"]
[WhiteFideId "12200328"]
[BlackFideId "4501101"]
[EventDate "2014.08.02"]

1. e4 c5 2. Nf3 d6 3. d4 cxd4 4. Nxd4 Nf6 5. Nc3 a6 6. h3 e5 7. Nb3 Be6 8. Bg5
Nbd7 9. Qd2 h6 10. Be3 b5 11. f3 Nb6 12. g4 Be7 13. h4 Nc4 14. Bxc4 bxc4 15. Nc1
d5 16. exd5 Nxd5 17. Bf2 Rb8 18. Nd1 Rxb2 19. Qe2 Bb4+ 20. Kf1 Nf4 21. Nxb2 Nxe2
22. Nxe2 Qd5 23. Kg2 Bxg4 24. Ng1 e4 25. fxg4 e3+ 26. Nf3 exf2 27. Kxf2 O-O 28.
Rad1 Qc5+ 29. Kg3 Ba3 30. Rb1 Qd6+ 31. Kg2 Qf4 32. Rh3 Bd6 33. Nh2 Qd2+ 34. Kh1
Qxc2 35. Rd1 Bb8 36. g5 h5 0-1

[Event "Olimpiade 2014 - Open"]
[Site "Tromsø"]
[Date "06.08.2014"]
[Round "5.35"]
[Board "1"]
[White "Kurukulasuriya, Prasanna"]
[Black "Iturrizaga Bonelli, Eduardo"]
[Result "0-1"]
[WhiteTitle "FM"]
[BlackTitle "GM"]
[WhiteElo "2063"]
[BlackElo "2653"]
[WhiteTeam "Sri Lanka"]
[BlackTeam "Venezuela"]
[WhiteFideId "9901248"]
[BlackFideId "3901211"]
[EventDate "2014.08.02"]

1. e4 c5 2. Nf3 g6 3. d4 cxd4 4. Nxd4 Nc6 5. c4 Nf6 6. Nc3 d6 7. Be2 Nxd4 8.
Qxd4 Bg7 9. Be3 O-O 10. Qd2 Be6 11. Rc1 a5 12. f3 a4 13. O-O Nd7 14. Rfd1 Nc5
15. Bf1 Qb6 16. Rc2 Rfc8 17. Nb5 Qd8 18. Nd4 Bd7 19. Rcc1 h5 20. Rb1 Kh7 21. Bg5
Bxd4+ 22. Qxd4 Ne6 23. Qd2 Nxg5 24. Qxg5 Be6 25. b3 axb3 26. axb3 Ra2 27. c5 Qc7
28. cxd6 exd6 29. Kh1 Qc2 30. Rdc1 Qf2 31. Rxc8 Bxc8 32. Bc4 Bg4 33. Rg1 Bxf3
34. Bxf7 Bxe4 35. Bd5 Re2 36. Qe7+ Kh6 37. Bxe4 Re1 38. Qf8+ Qxf8 39. Rxe1 Qe8
40. Re2 Qb5 41. Re1 Qe5 42. g4 d5 43. g5+ Kg7 44. Kg2 dxe4 45. b4 Qxg5+ 0-1